[Event "EU-chT (Women) 08th"]
[Site "Novi Sad"]
[Date "2009.10.23"]
[Round "2"]
[White "Misovic, Sanja"]
[Black "Porat, Maya"]
[Result "0-1"]
[WhiteElo "1921"]
[BlackElo "2192"]
[PlyCount "74"]
[EventDate "2009.10.22"]
[EventType "team-swiss"]
[EventRounds "9"]
[EventCountry "YUG"]
[SourceTitle "EXT 2010"]
[Source "ChessBase"]
[SourceDate "2010.11.25"]
[SourceVersion "1"]
[SourceVersionDate "2010.11.25"]
[SourceQuality "1"]
[WhiteTeam "Montenegro (W)"]
[BlackTeam "Israel (W)"]
[WhiteTeamCountry "MNE"]
[BlackTeamCountry "ISR"]

1. d4 Nf6 2. c4 e6 3. Nf3 Bb4+ 4. Bd2 Qe7 5. Qc2 Bxd2+ 6. Nbxd2 d6 7. e4 e5 8. d5 c5 9. dxc6 Nxc6 10. Be2 0-0 11. 0-0 Nh5 12. Rfd1 g6 13. Nf1 Bg4 14. Ne1 Bxe2 15. Qxe2 Nd4 16. Qe3 Rae8 17. Ng3 Ng7 18. Ne2 Nxe2+ 19. Qxe2 Ne6 20. Nc2 f5 21. f3 Rd8 22. Rd2 Qc7 23. b3 a5 24. Rad1 Qc6 25. Rd5 Nf4 26. Qd2 Nxd5 27. exd5 Qc5+ 28. Kh1 Rde8 29. Ne1 e4 30. f4 a4 31. Nc2 e3 32. Qe2 Re4 33. g3 Ra8 34. Rd3 axb3 35. axb3 Ra2 36. Rc3 Qa5 37. b4 Qxb4 0-1

[Event "EU-ch U18 Girls 19th"]
[Site "Fermo"]
[Date "2009.09.07"]
[Round "7"]
[White "Misovic, Sanja"]
[Black "Korchagina, Victoria"]
[Result "0-1"]
[WhiteElo "1943"]
[BlackElo "2166"]
[PlyCount "66"]
[EventDate "2009.08.31"]
[EventType "swiss"]
[EventRounds "9"]
[EventCountry "ITA"]
[SourceTitle "CBM 132 Extra"]
[Source "ChessBase"]
[SourceDate "2009.11.03"]
[SourceVersion "1"]
[SourceVersionDate "2009.11.03"]
[SourceQuality "1"]

1. d4 Nf6 2. c4 g6 3. Nc3 Bg7 4. e4 d6 5. f3 0-0 6. Bg5 Nc6 7. Nge2 a6 8. Qd2 Rb8 9. Nc1 e5 10. d5 Nd4 11. N3e2 c5 12. Nxd4 cxd4 13. b4 h6 14. Bh4 Nxe4 15. Bxd8 Nxd2 16. Bc7 Nxf1 17. Rxf1 Ra8 18. Bxd6 Re8 19. Nb3 Bf5 20. Rd1 Bc2 21. Rd2 Bxb3 22. axb3 f5 23. Bc5 a5 24. Kf2 axb4 25. f4 exf4 26. Bxd4 Bxd4+ 27. Rxd4 Ra2+ 28. Kf3 g5 29. Rd3 Re4 30. g4 fxg3 31. Kxg3 Rg4+ 32. Kh3 Rh4+ 33. Kg3 Raxh2 0-1

[Event "EU-chT U18 Girls 9th"]
[Site "Pardubice"]
[Date "2009.07.18"]
[Round "3"]
[White "Misovic, Sanja"]
[Black "Sasmazel, Burcu"]
[Result "0-1"]
[WhiteElo "1943"]
[BlackElo "1877"]
[PlyCount "84"]
[EventDate "2009.07.16"]
[EventType "team-swiss"]
[EventRounds "7"]
[EventCountry "CZE"]
[SourceTitle "EXT 2020"]
[Source "ChessBase"]
[SourceDate "2019.10.17"]
[SourceVersion "1"]
[SourceVersionDate "2019.10.17"]
[SourceQuality "1"]
[WhiteTeam "Montenegro U18 (W)"]
[BlackTeam "Turkey U18 (W)"]
[WhiteTeamCountry "MNE"]
[BlackTeamCountry "TUN"]

1. d4 Nf6 2. c4 c5 3. d5 b5 4. cxb5 a6 5. b6 e6 6. Nc3 Nxd5 7. Nxd5 exd5 8. Qxd5 Nc6 9. Nf3 Rb8 10. Bg5 Be7 11. Ne5 0-0 12. Nxc6 dxc6 13. Qxd8 Bxd8 14. Bxd8 Rxd8 15. Rd1 Be6 16. Rxd8+ Rxd8 17. e3 Rb8 18. b3 Rxb6 19. Kd2 c4 20. Bxc4 Bxc4 21. bxc4 Rb2+ 22. Kc3 Rxf2 23. Rd1 Kf8 24. Rd2 Rxd2 25. Kxd2 c5 26. Kd3 Ke7 27. Ke4 Ke6 28. g4 g5 29. a3 h6 30. h3 a5 31. a4 f6 32. Kf3 Ke5 33. Kf2 Ke4 34. Ke2 f5 35. gxf5 Kxf5 36. Kf3 h5 37. e4+ Ke5 38. Ke3 g4 39. h4 g3 40. Kf3 g2 41. Kxg2 Kxe4 42. Kf2 Kd4 0-1

[Event "EU-chT U18 Girls 9th"]
[Site "Pardubice"]
[Date "2009.07.16"]
[Round "1"]
[White "Misovic, Sanja"]
[Black "Zvarikova, Alexandra"]
[Result "0-1"]
[WhiteElo "1943"]
[BlackElo "1984"]
[PlyCount "70"]
[EventDate "2009.07.16"]
[EventType "team-swiss"]
[EventRounds "7"]
[EventCountry "CZE"]
[SourceTitle "EXT 2020"]
[Source "ChessBase"]
[SourceDate "2019.10.17"]
[SourceVersion "1"]
[SourceVersionDate "2019.10.17"]
[SourceQuality "1"]
[WhiteTeam "Montenegro U18 (W)"]
[BlackTeam "Slovakia U18 (W)"]
[WhiteTeamCountry "MNE"]
[BlackTeamCountry "SVK"]

1. d4 Nf6 2. c4 g6 3. Nc3 Bg7 4. e4 d6 5. f3 0-0 6. Bg5 c5 7. d5 e6 8. Qd2 exd5 9. cxd5 Nbd7 10. Nh3 Re8 11. Be2 a6 12. a4 b6 13. 0-0 Qe7 14. Rae1 Qf8 15. Nf2 h6 16. Bh4 g5 17. Bg3 Nh5 18. f4 Nxf4 19. Bxf4 gxf4 20. Qxf4 Be5 21. Qd2 Nf6 22. Bd1 Qg7 23. Kh1 Kh8 24. Bf3 Bd7 25. Nfd1 b5 26. Qc2 Qg5 27. axb5 Qh4 28. g4 Nxg4 29. Bxg4 Bxg4 30. Ne3 Bf3+ 31. Rxf3 Qxe1+ 32. Nf1 axb5 33. Nxb5 Rg8 34. Rxf7 Raf8 35. Qf2 Qxf2 0-1

[Event "MNT-ch (Women)"]
[Site "Cetinje"]
[Date "2009.07.10"]
[Round "3"]
[White "Tomovic, Savica"]
[Black "Misovic, Sanja"]
[Result "0-1"]
[WhiteElo "1825"]
[BlackElo "1943"]
[PlyCount "64"]
[EventDate "2009.07.08"]
[EventType "tourn"]
[EventRounds "7"]
[EventCountry "MNE"]
[SourceTitle "CBM 131 Extra"]
[Source "ChessBase"]
[SourceDate "2009.09.03"]
[SourceVersion "2"]
[SourceVersionDate "2009.09.16"]
[SourceQuality "1"]

1. e4 c5 2. Nf3 Nc6 3. d3 e6 4. g3 d5 5. Nbd2 Nf6 6. Bg2 Be7 7. 0-0 0-0 8. Re1 Kh8 9. e5 Ng8 10. Nf1 Qe8 11. h4 f6 12. Bf4 fxe5 13. Bxe5 Nh6 14. N1h2 Nf5 15. Ng4 Qh5 16. Ne3 d4 17. Nc4 Bd7 18. Qe2 b5 19. Ncd2 Rac8 20. b3 Nb4 21. Ne4 h6 22. a3 Nd5 23. Nfd2 Qg6 24. h5 Qf7 25. Qg4 Nf6 26. Nxf6 gxf6 27. Bf4 e5 28. Bxh6 Rg8 29. Qh3 Rcd8 30. Qh1 Nxh6 31. Bd5 Be6 32. Bc6 Bd5 0-1

[Event "Busevec op U20 Girls"]
[Site "Busevec"]
[Date "2009.06.12"]
[Round "4"]
[White "Racki, Barbara"]
[Black "Misovic, Sanja"]
[Result "1/2-1/2"]
[WhiteElo "1661"]
[BlackElo "1945"]
[PlyCount "67"]
[EventDate "2009.06.11"]
[EventType "swiss"]
[EventRounds "7"]
[EventCountry "CRO"]
[SourceTitle "CBM 130 Extra"]
[Source "ChessBase"]
[SourceDate "2009.07.02"]
[SourceVersion "2"]
[SourceVersionDate "2009.07.15"]
[SourceQuality "1"]

1. e4 c5 2. Nf3 e6 3. c3 Nf6 4. d3 d5 5. Nbd2 Nc6 6. Be2 Be7 7. Qc2 0-0 8. Nf1 a6 9. Ng3 b5 10. 0-0 Qc7 11. Bd2 Bb7 12. Rac1 Qb8 13. Rfe1 b4 14. Bd1 Nd7 15. exd5 exd5 16. d4 c4 17. Bg5 Bd6 18. Qf5 Qc7 19. Bc2 g6 20. Qh3 f5 21. Bh6 Bf4 22. Bxf8 Bxc1 23. Rxc1 Nxf8 24. Qh6 Re8 25. Qd2 a5 26. Ba4 Qd6 27. Ne5 Rc8 28. Re1 Ne6 29. Qh6 Nf8 30. Qg5 Ne6 31. Qd2 Ned8 32. h4 Nf7 33. Nxf7 Kxf7 34. Qh6 1/2-1/2